00423nam a2200157Ia 4500008004100000020001800041082001500059100002300074245005500097250000600152260003400158300001000192500002400202650001800226700002100244230524s9999 xx 000 0 und d a9780143333548 a502.3bKAL aA.P.J. Abdul Kalam 0aReignited Scientific Pathways to A Brighter Future a1 aNew DelhibPuffin Booksc2015 a257p; aQuantity Number: 1 aMiscellaneous aSrijan Pal Singh